000 00531nam a2200181Ia 4500
008 100920s9999 xx 000 0 und d
082 _b27368
_a21 थ 73
100 _aSWAMI CHINMAYNANDA.
245 _aBHAGAVAD GEETA FOR CHILDREN.
260 _bCHINMAYA PUBLICATION TRUST, MADRAS.
_c1973
300 _a160
_bसाधी
365 _b4
520 _aृॅ्रआर.अे.
630 _aBHAGAVAD GEETA FOR CHILDREN.
650 _aृॅ्रआर.अे.
730 _aBHAGAVAD GEETA FOR CHILDREN.
942 _cBOOK
999 _c684228
_d684225